| 000 | 00461nam a2200169Ia 4500 | ||
|---|---|---|---|
| 008 | 230917s9999||||xx |||||||||||||| ||und|| | ||
| 020 | _cRS1125 | ||
| 040 |
_e249699 _aMAIN |
||
| 041 | _aEnglish | ||
| 082 | _a657 K642C | ||
| 100 | _aKishore, Ravi M | ||
| 245 | 0 | _aTaxmann's cost and management accounting | |
| 260 |
_aNew Delhi _bTaxmann Publications _c2018 |
||
| 300 | _a935 p. | ||
| 500 | _a3252 21/08/2018 HBD18/7497 27/09/2018 Main Budget | ||
| 942 | _cBK | ||
| 999 |
_c28012 _d28012 |
||